| 000 | 00349nam a2200145 a 4500 | ||
|---|---|---|---|
| 003 | AR-BaBNM | ||
| 005 | 20251128203321.0 | ||
| 008 | 082120s2002 ||||||||||||||000 | spa|| | ||
| 040 | _cAR-BaBNM | ||
| 245 | 0 | 0 |
_aHistoria argentina _n4 |
| 260 |
_a[S.l.] _bPlaza & Janes _c1968 |
||
| 700 | 1 |
_aLevillier, Roberto _edirector |
|
| 942 | _cBK | ||
| 998 | _cMARCE | ||
| 999 |
_c2869 _d2869 |
||